[Event "RF-2012-0-00122"]
[Site "LSS email"]
[Date "2012.07.10"]
[Round "?"]
[White "Hogan, Bernardo"]
[Black "Jas, Marcin"]
[Result "1-0"]
[WhiteElo "1185"]
[BlackElo "1099"]
[PlyCount "53"]
[EventDate "2012.05.25"]
[EventType "tourn (corr)"]
[EventRounds "6"]
[EventCountry "GER"]
[SourceTitle "Telechess CBM 153"]
[Source "ChessBase"]
[SourceDate "2013.03.14"]
[SourceVersion "1"]
[SourceVersionDate "2013.03.14"]
[SourceQuality "1"]

1. d4 e6 2. c4 c5 3. d5 exd5 4. cxd5 d6 5. e4 Nf6 6. Nc3 g6 7. Bd3 Bg7 8. Bf4 a6 9. a4 0-0 10. Nge2 Re8 11. 0-0 Nh5 12. Be3 Nd7 13. Qd2 Ne5 14. Nf4 Nxf4 15. Bxf4 Nxd3 16. Qxd3 Bd4 17. Kh1 b6 18. f3 a5 19. Qd2 Ba6 20. Nb5 Bxb5 21. axb5 Qd7 22. Rab1 f5 23. Qd3 fxe4 24. fxe4 a4 25. Bh6 Bg7 26. Bd2 Qe7 27. Rf4 1-0

[Event "RF-2012-0-00122"]
[Site "LSS email"]
[Date "2012.07.07"]
[Round "?"]
[White "De Wolf, Michiel"]
[Black "Jas, Marcin"]
[Result "1-0"]
[WhiteElo "1026"]
[BlackElo "1099"]
[PlyCount "63"]
[EventDate "2012.05.25"]
[EventType "tourn (corr)"]
[EventRounds "6"]
[EventCountry "GER"]
[SourceTitle "Telechess CBM 153"]
[Source "ChessBase"]
[SourceDate "2013.03.14"]
[SourceVersion "1"]
[SourceVersionDate "2013.03.14"]
[SourceQuality "1"]

1. e4 e6 2. d4 c5 3. d5 Nf6 4. Nc3 exd5 5. exd5 d6 6. Bb5+ Bd7 7. Qd3 Be7 8. Nf3 0-0 9. 0-0 Bxb5 10. Qxb5 Qc7 11. Re1 a6 12. Qd3 b5 13. b3 Re8 14. Ne4 Nbd7 15. c4 Nxe4 16. Rxe4 Bf6 17. Rb1 Ne5 18. Nxe5 Bxe5 19. Bd2 f5 20. Re2 Re7 21. Rbe1 Rf7 22. Bc3 Bxc3 23. Qxc3 Raf8 24. Re6 f4 25. f3 Rf6 26. Re7 Qd8 27. Qd3 b4 28. R1e6 Rxe6 29. Rxe6 Rf6 30. Qe4 Rf8 31. Re7 Rf6 32. Re8+ 1-0

[Event "RF-2012-0-00122"]
[Site "LSS email"]
[Date "2012.07.07"]
[Round "?"]
[White "Jas, Marcin"]
[Black "Feng, Jason"]
[Result "1-0"]
[WhiteElo "1099"]
[BlackElo "955"]
[PlyCount "47"]
[EventDate "2012.05.25"]
[EventType "tourn (corr)"]
[EventRounds "6"]
[EventCountry "GER"]
[SourceTitle "Telechess CBM 153"]
[Source "ChessBase"]
[SourceDate "2013.03.14"]
[SourceVersion "1"]
[SourceVersionDate "2013.03.14"]
[SourceQuality "1"]

1. d4 d5 2. Nf3 Nc6 3. c4 Bg4 4. e3 e5 5. Be2 e4 6. Nfd2 Bxe2 7. Qxe2 Bb4 8. Nc3 Bxc3 9. bxc3 f5 10. Ba3 Nf6 11. Rb1 b6 12. h3 Na5 13. 0-0 Nxc4 14. Nxc4 dxc4 15. Qxc4 Qd7 16. Rb5 0-0-0 17. Rfb1 Kb7 18. Ra5 Ka8 19. Qa6 c6 20. Rxb6 Nd5 21. Rxc6 Qb7 22. Qc4 Nb6 23. Qb5 Rc8 24. Rxb6 1-0

[Event "ZL-2012-0-01155"]
[Site "LSS email"]
[Date "2012.06.14"]
[Round "?"]
[White "Couspeyre, Thierry"]
[Black "Jas, Marcin"]
[Result "1-0"]
[WhiteElo "1161"]
[BlackElo "1100"]
[PlyCount "63"]
[EventDate "2012.05.28"]
[EventType "match (corr)"]
[EventRounds "2"]
[EventCountry "GER"]
[SourceTitle "Telechess CBM 155"]
[Source "ChessBase"]
[SourceDate "2013.07.16"]
[SourceVersion "1"]
[SourceVersionDate "2013.07.16"]
[SourceQuality "1"]

1. e4 e6 2. d4 c5 3. Nf3 cxd4 4. c3 dxc3 5. Nxc3 Bc5 6. Bc4 Nc6 7. 0-0 Nf6 8. h3 Qc7 9. Kh1 0-0 10. a3 a6 11. Bg5 b5 12. Bd3 Nh5 13. Ne2 h6 14. Qd2 hxg5 15. Qxg5 Qd6 16. Qxh5 e5 17. Rac1 Ba7 18. Ng3 Qh6 19. Qxh6 gxh6 20. Nf5 Kh7 21. Nd6 f6 22. Nh4 Rb8 23. f4 Be3 24. Rc2 Bxf4 25. Nhf5 Na7 26. g3 Bxg3 27. Nxg3 Nc6 28. Nh5 Nd4 29. Rg2 Ne6 30. Rxf6 Rxf6 31. Nxf6+ Kh8 32. Rg8# 1-0

[Event "ZL-2012-0-01153"]
[Site "LSS email"]
[Date "2012.06.05"]
[Round "?"]
[White "Jas, Marcin"]
[Black "Lauer, Fredric"]
[Result "0-1"]
[WhiteElo "1100"]
[BlackElo "1106"]
[PlyCount "56"]
[EventDate "2012.05.19"]
[EventType "match (corr)"]
[EventRounds "2"]
[EventCountry "GER"]
[SourceTitle "Telechess CBM 153"]
[Source "ChessBase"]
[SourceDate "2013.03.14"]
[SourceVersion "1"]
[SourceVersionDate "2013.03.14"]
[SourceQuality "1"]

1. d4 d5 2. Nf3 Nf6 3. c4 dxc4 4. Qa4+ Bd7 5. Qxc4 e6 6. Nc3 Bd6 7. e4 Be7 8. e5 Ng8 9. Be3 a6 10. d5 exd5 11. Nxd5 Bc6 12. 0-0-0 Nd7 13. Nxe7 Qxe7 14. Bg5 Qc5 15. Qxc5 Nxc5 16. Nd4 h6 17. Be3 Ne6 18. Nxc6 bxc6 19. f4 Ne7 20. g3 Nd5 21. Bf2 0-0 22. Bg2 Rfd8 23. Kb1 Rab8 24. Rd3 g6 25. Rhd1 Nc3+ 26. Kc2 Nxd1 27. Rxd1 Rxd1 28. Kxd1 Rxb2 0-1

[Event "LSS No Engine Cup 66 Preliminary 2"]
[Site "LSS email"]
[Date "2012.05.28"]
[Round "?"]
[White "Selmeczi, Jozsef"]
[Black "Jas, Marcin"]
[Result "1-0"]
[WhiteElo "1666"]
[BlackElo "1099"]
[PlyCount "27"]
[EventDate "2012.05.29"]
[EventType "tourn (corr)"]
[EventRounds "6"]
[EventCountry "GER"]
[SourceTitle "Corr 2015"]
[Source "ChessBase"]
[SourceDate "2015.07.17"]
[SourceVersion "1"]
[SourceVersionDate "2015.07.17"]
[SourceQuality "1"]

1. d4 e6 2. e4 c5 3. d5 exd5 4. exd5 Nf6 5. Nf3 g6 6. Nc3 d6 7. Bb5+ Nbd7 8. 0-0 Be7 9. Bh6 Ng4 10. Qd2 Nxh6 11. Qxh6 a6 12. Qg7 Bf6 13. Rfe1+ Qe7 14. Qxf6 1-0

[Event "OP-2012-0-02193"]
[Site "LSS email"]
[Date "2012.05.20"]
[Round "?"]
[White "Jas, Marcin"]
[Black "Ederer, Karel"]
[Result "0-1"]
[WhiteElo "1099"]
[BlackElo "2110"]
[PlyCount "92"]
[EventDate "2012.05.08"]
[EventType "tourn (corr)"]
[EventRounds "4"]
[EventCountry "GER"]
[SourceTitle "Telechess CBM 153"]
[Source "ChessBase"]
[SourceDate "2013.03.14"]
[SourceVersion "1"]
[SourceVersionDate "2013.03.14"]
[SourceQuality "1"]

1. d4 Nf6 2. c4 g6 3. Nc3 d5 4. cxd5 Nxd5 5. e4 Nxc3 6. bxc3 Bg7 7. Nf3 c5 8. Rb1 0-0 9. Be2 cxd4 10. cxd4 Qa5+ 11. Bd2 Qxa2 12. 0-0 b6 13. Qc1 Qe6 14. Bc4 Qxe4 15. Bxf7+ Rxf7 16. Qxc8+ Rf8 17. Qc4+ e6 18. Rb5 Qc6 19. Qb3 Na6 20. Rc1 Qd7 21. Ne5 Bxe5 22. Rxe5 Nc7 23. Be3 Nd5 24. Bh6 Rf6 25. Bg5 Rf5 26. Rxf5 gxf5 27. Re1 a5 28. Qg3 Qc7 29. Qd3 Qf7 30. Qg3 f4 31. Bxf4+ Qg6 32. Bg5 h6 33. Bxh6 Qxg3 34. fxg3 b5 35. Rxe6 a4 36. Re5 a3 37. Bc1 a2 38. Bb2 Ra4 39. Rxd5 Rb4 40. Ba1 Rb1+ 41. Kf2 Rxa1 42. Rd8+ Kf7 43. Ra8 b4 44. Ra7+ Ke6 45. Ra6+ Kd5 46. h4 b3 0-1

[Event "ZL-2012-0-01147"]
[Site "LSS email"]
[Date "2012.05.11"]
[Round "?"]
[White "Jas, Marcin"]
[Black "Lauer, Fredric"]
[Result "1-0"]
[WhiteElo "1069"]
[BlackElo "1054"]
[PlyCount "65"]
[EventDate "2012.05.02"]
[EventType "match (corr)"]
[EventRounds "2"]
[EventCountry "GER"]
[SourceTitle "Corr 2015"]
[Source "ChessBase"]
[SourceDate "2015.07.17"]
[SourceVersion "1"]
[SourceVersionDate "2015.07.17"]
[SourceQuality "1"]

1. d4 e6 2. c4 c5 3. d5 exd5 4. cxd5 d6 5. Nf3 Nf6 6. Nc3 g6 7. e4 Bg7 8. Be2 0-0 9. h3 Re8 10. Nd2 a6 11. a4 Bd7 12. a5 Bb5 13. 0-0 Bxe2 14. Qxe2 Nbd7 15. Ra4 Nh5 16. Nc4 Ne5 17. Nb6 Rb8 18. g4 Nf6 19. f4 Ned7 20. Nc4 Nf8 21. f5 N8d7 22. Nxd6 Rf8 23. e5 Nxe5 24. Qxe5 Ne8 25. f6 Bxf6 26. Rxf6 Qxf6 27. Nc4 Qf3 28. Qxb8 Qxh3 29. Nb6 Nf6 30. Qh2 Qd3 31. Bh6 Nxg4 32. Rxg4 Re8 33. Re4 1-0

[Event "ZN-2012-0-01892"]
[Site "LSS email"]
[Date "2012.03.22"]
[Round "?"]
[White "Jas, Marcin"]
[Black "Huseby, Juan Carlos"]
[Result "1-0"]
[WhiteElo "800"]
[BlackElo "628"]
[PlyCount "77"]
[EventDate "2012.03.17"]
[EventType "match (corr)"]
[EventRounds "2"]
[EventCountry "GER"]
[SourceTitle "Telechess CBM 157"]
[Source "ChessBase"]
[SourceDate "2013.11.12"]
[SourceVersion "1"]
[SourceVersionDate "2013.11.12"]
[SourceQuality "1"]

1. e4 e5 2. f4 Qh4+ 3. g3 Qf6 4. fxe5 Qxe5 5. Nc3 Nf6 6. d4 Qh5 7. Qxh5 Nxh5 8. Be2 Bb4 9. Bxh5 0-0 10. a3 Ba5 11. Bd2 d6 12. Nge2 g6 13. Bf3 f5 14. 0-0-0 Nc6 15. Bg2 fxe4 16. Rhf1 Bf5 17. Bxe4 Bxc3 18. Bd5+ Kg7 19. Bxc3 Bg4 20. Rxf8 Rxf8 21. Nf4 Ne7 22. Ne6+ Bxe6 23. Bxe6 d5 24. Bb4 Nc6 25. Bxf8+ Kxf8 26. Bxd5 Ne7 27. Bxb7 c6 28. Bxc6 Nxc6 29. c4 Na5 30. c5 Ke7 31. b4 Nc4 32. Rd3 a5 33. Rc3 axb4 34. axb4 Ke6 35. Rxc4 Kd5 36. c6 Kxc4 37. c7 Kxb4 38. c8Q h5 39. d5 1-0

[Event "OP-2012-0-02117"]
[Site "LSS email"]
[Date "2012.03.22"]
[Round "?"]
[White "Jas, Marcin"]
[Black "Neil, Charles"]
[Result "1-0"]
[WhiteElo "1030"]
[BlackElo "625"]
[PlyCount "31"]
[EventDate "2012.03.17"]
[EventType "tourn (corr)"]
[EventRounds "4"]
[EventCountry "GER"]
[SourceTitle "Corr 2015"]
[Source "ChessBase"]
[SourceDate "2015.07.17"]
[SourceVersion "1"]
[SourceVersionDate "2015.07.17"]
[SourceQuality "1"]

1. e4 e6 2. Nc3 d5 3. d4 Nf6 4. e5 Nfd7 5. Be3 c5 6. f4 Nc6 7. Nf3 Be7 8. Be2 f6 9. 0-0 fxe5 10. fxe5 cxd4 11. Nxd4 Rf8 12. Nxe6 Qa5 13. Nxg7+ Kd8 14. Ne6+ Ke8 15. Bh5+ Rf7 16. Bxf7# 1-0